000 01002nam a22002177a 4500
999 _c58538
_d58538
003 Ge_BSU
005 20220531121740.0
008 220531s2019 ge ||||| |||| 00| 0 geo d
020 _a9789941809439
041 _ageo
080 _a005.95/96(075.8) პ-14
100 _aპაიჭაძე, ნუგზარ.
_913893
245 _aადამიანური რესურსების მართვა :
_b(სახელმძღვანელო) /
_cნუგზარ პაიჭაძე ; რედაქტორი მ. ტუღუში.
264 _aთბილისი :
_bივერიონი,
_c2019.
300 _a374 გვ. ;
_b20 სმ.
504 _aბიბლიოგრაფია: გვ. 369-374.
653 _aადამიანური რესურსების მართვა
653 _aსახელმძღვანელო
700 _aტუღუში, მ.
_eრედაქტორი
_91754
942 _2udc
_cBK